000 00511cab a2200205 4500
001 X1268
008 090401t1994 xxu||||| |||| 00| 0 eng d
035 _a(Sirsi) u15903
041 _aeng
100 _aBrett, M.
245 _aMaster builder
260 _c1994
350 _a0
490 _aEstates Gazette
_v(9404) 29 January 1994, 48-50(2)
650 _aMASON SYDNEY
650 _aSYDNEY MASON
690 _aMANAGEMENT-BUSINESS MANAGEMENT-PROFESSIONAL PRACTICE
942 _n0
948 _c04/03/1997
999 _c10471
_d10471